000 00545nam a2200193 a 4500
001 2677
005 20140414132038.0
008 040603s19uu xx 00 eng d
020 _a0-590-71800-2
050 _aTR
_bT41 1984
245 _aThe Three Billy-Goats gruff (no words) :
_ba norwegian folktale /
_cillustrated by Ellen Appleby.
260 _aNew York :
_bScholastic,
_c1984.
300 _a1 v. (unp.) : ill. ; cm.
500 _aTR/PS
650 _aGoats
_xFiction.
650 _aBrave
_xFiction.
999 _c113787
_d113787